书目信息 |
| 题名: |
实时分析实战
|
|
| 作者: | 尼达姆 著 ;卢健 , 王同林 , 曹洪伟 译 | |
| 分册: | ||
| 出版信息: | 北京 机械工业出版社 2024.08 |
|
| 页数: | 202页 | |
| 开本: | 24cm | |
| 丛书名: | ||
| 单 册: | ||
| 中图分类: | TP274 | |
| 科图分类: | ||
| 主题词: | 数据处理--shu ju chu li | |
| 电子资源: | ||
| ISBN: | 978-7-111-75980-5 | |
| 000 | 01918nam0 2200325 450 | |
| 001 | 93412 | |
| 005 | 20250819085434.31 | |
| 010 | @a978-7-111-75980-5@dCNY79.00 | |
| 100 | @a20240823d2024 em y0chiy50 ea | |
| 101 | 1 | @achi@ceng |
| 102 | @aCN@b110000 | |
| 105 | @aak z 000yy | |
| 106 | @ar | |
| 200 | 1 | @a实时分析实战@Ashi shi fen xi shi zhan@e构建实时流处理应用和分析系统@f(英) 马克·尼达姆著@g卢健, 王同林, 曹洪伟译 |
| 210 | @a北京@c机械工业出版社@d2024.08 | |
| 215 | @a202页@c图@d24cm | |
| 306 | @a由O'Reilly Media, Inc.授权出版 | |
| 312 | @a原文题名取自封面 | |
| 314 | @aMark Needham是Apache Pinot和Star'Tree的倡导者。Mark帮助用户学习如何使用Apache Pinot构建实时的、面向用户的分析应用程序。同时他还负责开发者体验, 通过持续优化产品, 改进文档来降低Apache Pinot的学习门槛, 提升用户的入门体验, 你可以在markhneedham.com上了解更多有关Pinot的使用经验, 也可以关注Mark的推特@markhneedham (https: //twitter.com/markhneedham)。 | |
| 330 | @a本书为想要设计、构建和维护实时分析应用程序的人员 (包括数据工程师、架构师和技术领导者) 提供了结构合理的基础知识。第1章和第2章简要介绍实时分析, 并概述可以构建的实时分析应用程序的类型。第3章介绍一家虚构的比萨公司, 该公司已经建立了流处理基础设施, 但尚未实现任何实时分析功能。第4-10章展示如何为这家比萨公司实现不同类型的实时分析应用程序。第11-13章介绍将应用程序投入生产时的注意事项、实时分析的一些真实使用案例, 以及未来几年该领域可能会出现的情况。 | |
| 500 | 10 | @aBuilding real-time analytics systems from events to insights with apache kafka and apache pinot@mChinese |
| 517 | 1 | @a构建实时流处理应用和分析系统@Agou jian shi shi liu chu li ying yong he fen xi xi tong |
| 606 | 0 | @a数据处理@Ashu ju chu li |
| 690 | @aTP274@v5 | |
| 701 | 1 | @a尼达姆@Ani da mu@g(Needham, Mark)@4著 |
| 702 | 0 | @a卢健@Alu jian@4译 |
| 702 | 0 | @a王同林@Awang tong lin@4译 |
| 702 | 0 | @a曹洪伟@Acao hong wei@4译 |
| 801 | 0 | @aCN@c20250909 |
| 905 | @a河南城建学院图书馆@dTP274@eN434@f1 | |
| 实时分析实战:构建实时流处理应用和分析系统/(英) 马克·尼达姆著/卢健, 王同林, 曹洪伟译.-北京:机械工业出版社,2024.08 |
| 202页:图;24cm |
| ISBN 978-7-111-75980-5:CNY79.00 |
| 本书为想要设计、构建和维护实时分析应用程序的人员 (包括数据工程师、架构师和技术领导者) 提供了结构合理的基础知识。第1章和第2章简要介绍实时分析, 并概述可以构建的实时分析应用程序的类型。第3章介绍一家虚构的比萨公司, 该公司已经建立了流处理基础设施, 但尚未实现任何实时分析功能。第4-10章展示如何为这家比萨公司实现不同类型的实时分析应用程序。第11-13章介绍将应用程序投入生产时的注意事项、实时分析的一些真实使用案例, 以及未来几年该领域可能会出现的情况。 |
| ● |
| 相关链接 |
|
|
|
正题名:实时分析实战
索取号:TP274/N434
 
预约/预借
| 序号 | 登录号 | 条形码 | 馆藏地/架位号 | 状态 | 备注 |
| 1 | 1627370 | 216273707 | 自科库301/301自科库 42排5列4层/ [索取号:TP274/N434] | 在馆 |